000 00460nam a22001817a 4500
003 LK-CoMWRAF
005 20231017222124.0
008 231017b1991 |||||||| |||| 00| 0 eng d
020 _a9559055011
040 _aLK-CoMWRAF
_dLK-CoMWRAF
_eLK-CoMWRAF
041 _aeng
082 _a821
_bSEL
245 _aA Selection of English poetry
260 _aColombo :
_bBritish Council
650 _aEnglish--Poetry
700 _aWijesinha, Rajiva
_eed.
942 _cBK
999 _c3914
_d3914